000 00340 a2200145 4500
001 155479
040 _cEscola São Tomás de Aquino
100 _aMAGALHÃES, Thereza Cochar
240 1 0 _aLiteratura Brasileira
_lpor
245 1 0 _aLiteratura Brasileira
300 _a608
362 0 _a2009
697 _aLíngua portuguesa
942 _cBK
999 _c155479
_d155479